Liczby po Niemiecku - Statystyki

Ogólne statystyki
  • Ten quiz został rozwiązany 2 972 razy
  • Średni wynik to 29 z 48
Statystyki odpowiedzi
Liczby Po Niemiecku % Poprawnych
3 drei
94%
1 eins
93%
5 fünf
93%
2 zwei
92%
8 acht
91%
0 null
91%
7 sieben
90%
4 vier
90%
9 neun
89%
6 sechs
89%
11 elf
87%
10 zehn
84%
12 zwölf
82%
13 dreizehn
81%
15 fünfzehn
80%
14 vierzehn
80%
18 achtzehn
78%
19 neunzehn
77%
16 sechzehn
77%
17 siebzehn
76%
20 zwanzig
72%
21 einundzwanzig
60%
40 vierzig
57%
50 fünfzig
56%
60 sechzig
55%
80 achtzig
54%
90 neunzig
53%
70 siebzig
53%
51 einundfünfzig
51%
41 einundvierzig
51%
61 einundsechzig
50%
81 einundachtzig
49%
71 einundsiebzig
49%
91 einundneunzig
48%
30 dreißig
44%
100 einhundert
40%
31 einunddreißig
40%
200 zweihundert
29%
300 dreihundert
28%
400 vierhundert
28%
500 fünfhundert
27%
600 sechshundert
27%
800 achthundert
26%
900 neunhundert
26%
700 siebenhundert
26%
1000 eintausend
19%
1000000 million
13%
101 einhundertundeins
11%
Nie znaleziono quizów pasujących do podanych kryteriów
Rozkład punktacji
Procent ludzi z każdym wynikiem
Percentyl według liczby udzielonych odpowiedzi
Twoja historia wyników
Nie rozwiązałeś tego quizu